000
00405nam a2200133Ia 4500
008
151001s9999||||xx |||||||||||||| ||und||
100
_a
सुदर्शन भाटीया
245
_a
अनुपम तथा अनमोल भारतीय नारी कोश
250
_a
1
260
_b
मित्तल एंड सन्स
260
_c
2011
300
_a
111
365
_b
21
999
_c
999478
_d
999475